| 000 | 00438nam a22001577a 4500 | ||
|---|---|---|---|
| 999 |
_c32252 _d32252 |
||
| 008 | 260112b ||||| |||| 00| 0 eng d | ||
| 020 | _a9780143429081 | ||
| 041 | 0 | _aeng | |
| 082 | 0 | 0 |
_a909.09824 _bS238 |
| 100 |
_96440 _aSanyal, Sanjeev |
||
| 245 | 1 | 0 |
_aOcean of churn : how the Indian ocean shaped human history _cby Sanyal, Sanjeev |
| 260 |
_aGurgaon : _bPenguin Books, _c2017. |
||
| 300 | _a297 p. | ||
| 650 | 0 | _aHistory | |
| 942 | _cBK | ||